000 00454nam a22001817a 4500
005 20231206123102.0
008 231128b |||||||| |||| 00| 0 eng d
020 _a9788131227046
082 _a612
_bHAL
100 _aHalland Guyton
245 _aGuyton and Hall:
_bTextbook of medical physiology,
250 _a12th ed.
300 _a1091
500 _aInclude Index
650 _aMedical/ Physiology
700 _aGuyton and Hall
999 _c34736
_d34736